00306pab a2200121 454500008004000000100001900040245004300059260000900102300001100111362000900122650001900131773003400150180718b1988 xxu||||| |||| 00| 0 eng d aMahatme, Anand aPreparing for the 1981 census of India c1988 a127-39 aApr. aCensus - India aIndian Journal of Social Work